000 00324nam a22001337a 4500
020 _a969351050X
040 _cNust
082 _a891.4397
_bBUT
100 _aDR.MUHAMMAD YOUNUS BUTT
_9125112
245 _aLAAF ZANNIAN
260 _aLahore;
_bSang-e-Meel Publications,
_c2001.
650 _2LAAF ZANNIAN
942 _2ddc
_cBK
999 _c610878
_d610878